Sexual deviations the paraphilias : (Record no. 296)

MARC details
000 -LEADER
fixed length control field 00505nam a22001697a 4500
003 - CONTROL NUMBER IDENTIFIER
control field OSt
005 - DATE AND TIME OF LATEST TRANSACTION
control field 20210213150411.0
008 - FIXED-LENGTH DATA ELEMENTS--GENERAL INFORMATION
fixed length control field 210213b ||||| |||| 00| 0 eng d
020 ## - INTERNATIONAL STANDARD BOOK NUMBER
International Standard Book Number 8174732276
040 ## - CATALOGING SOURCE
Original cataloging agency PHNSL
Transcribing agency PHNSL
100 ## - MAIN ENTRY--PERSONAL NAME
Personal name Dhikav, Vikas
245 ## - TITLE STATEMENT
Title Sexual deviations the paraphilias :
Remainder of title hidden aspects of sex in India /
Statement of responsibility, etc. Vikas Dhikav.
260 ## - PUBLICATION, DISTRIBUTION, ETC.
Place of publication, distribution, etc. New Delhi :
Name of publisher, distributor, etc. AITBS Publishers,
Date of publication, distribution, etc. 2003.
300 ## - PHYSICAL DESCRIPTION
Extent x, 318 p. :
Other physical details ill.
650 ## - SUBJECT ADDED ENTRY--TOPICAL TERM
Topical term or geographic name entry element Sexual behaviour
Form subdivision Sex
General subdivision Deviations
Geographic subdivision India
942 ## - ADDED ENTRY ELEMENTS (KOHA)
Source of classification or shelving scheme Library of Congress Classification
Koha item type Books
Holdings
Withdrawn status Lost status Source of classification or shelving scheme Damaged status Not for loan Home library Current library Shelving location Date acquired Full call number Barcode Date last seen Copy number Price effective from Koha item type Public note
    Library of Congress Classification     Public Health Nurses School Public Health Nurses School General Stacks 02/13/2021 RC556.D53 00324 02/13/2021 c.1 02/13/2021 Books ekp 13/02/21
Copyright © 2025 PHNS Library. All Rights Reserved.